[Event "IX EICC"]
[Site "Plovdiv BUL"]
[Date "2008.04.27"]
[Round "7"]
[White "Vokarev,S"]
[Black "Miladinovic,I"]
[Result "1/2-1/2"]
[WhiteElo "2502"]
[BlackElo "2579"]
[EventDate "2008.04.21"]

1. e4 c5 2. Nf3 Nc6 3. d4 cxd4 4. Nxd4 Qc7 5. Nc3 e6 6. Be3 a6 7. Qd2 Nf6
8. f3 b5 9. Nxc6 dxc6 10. Qf2 e5 11. Be2 Be6 12. O-O Be7 13. Bb6 Qb7 14.
Bc5 Bxc5 15. Qxc5 Nd7 16. Qe3 Qb6 17. Kf2 Ke7 18. Qxb6 Nxb6 19. a4 Rhd8 20.
Rfd1 Rdc8 21. Ke3 f6 22. h4 Nd7 23. axb5 axb5 24. b3 Bf7 25. Ra2 b4 26. Na4
Rc7 27. Rda1 Rca7 28. Nc3 Rxa2 29. Rxa2 Rxa2 30. Nxa2 c5 31. Nc1 Kd6 32.
Bb5 Nf8 33. Nd3 h5 34. Nb2 Ng6 35. g3 Ne7 36. Nc4+ Kc7 37. Nd2 Kd6 38. Nc4+
Kc7 39. Nd2 Kd6 40. Nc4+ 1/2-1/2

[Event "IX EICC"]
[Site "Plovdiv BUL"]
[Date "2008.04.27"]
[Round "7"]
[White "Saric,Iv"]
[Black "Georgiev,Ki"]
[Result "1-0"]
[WhiteElo "2500"]
[BlackElo "2665"]
[EventDate "2008.04.21"]

1. e4 e5 2. Nf3 Nc6 3. Bc4 Bc5 4. O-O Nf6 5. d3 d6 6. c3 O-O 7. Re1 a6 8.
Bb3 Ba7 9. h3 Be6 10. Bc2 Ne7 11. d4 Ng6 12. Be3 h6 13. Nbd2 c6 14. a4 Re8
15. a5 Qc7 16. b4 Qe7 17. Rb1 Red8 18. Nf1 Bb8 19. Qc1 Nh5 20. dxe5 dxe5
21. Bb6 Bc7 22. Bxc7 Qxc7 23. Qe3 Nhf4 24. Ng3 c5 25. Qxc5 Qxc5 26. bxc5
Rac8 27. Rxb7 Rxc5 28. Bb3 Bxb3 29. Rxb3 Rd3 30. Re3 Rd1+ 31. Re1 Rxe1+ 32.
Nxe1 Rxa5 33. Nf3 Ra1+ 34. Kh2 Ra2 35. Kg1 Nd3 36. Nh1 Ngf4 37. c4 g6 38.
c5 Nxc5 39. Rb8+ Kg7 40. Nxe5 h5 41. Rc8 Nfe6 42. Ng3 h4 43. Nf5+ Kf6 44.
Ng4+ Kg5 45. Nd6 f5 46. exf5 gxf5 47. Ne5 Ra1+ 48. Kh2 a5 49. Nf3+ Kf6 50.
Ra8 a4 51. Ra7 Nf4 52. Nxh4 Ra2 53. Nhxf5 Rxf2 54. Ne3 Re2 55. Ndc4 Re1 56.
h4 Rc1 57. g4 Ra1 58. g5+ Ke6 59. Ra5 Ncd3 60. Ra6+ Ke7 61. g6 Kf8 62. Nf5
Ra2+ 63. Kg3 Rg2+ 64. Kf3 Rxg6 65. Ncd6 Kg8 66. Ne7+ Kh7 67. Nxg6 Kxg6 68.
Rxa4 Ne6 69. Kg3 Ne5 70. h5+ Kf6 71. Ra6 Kg5 72. Ra1 Kf6 73. Ne4+ Kf5 74.
Nf2 Kf6 75. Ng4+ Nxg4 76. Kxg4 1-0

[Event "IX EICC"]
[Site "Plovdiv BUL"]
[Date "2008.04.27"]
[Round "7"]
[White "Berescu,A"]
[Black "Banikas,H"]
[Result "1-0"]
[WhiteElo "2481"]
[BlackElo "2600"]
[EventDate "2008.04.21"]

1. e4 c5 2. Nf3 d6 3. d4 Nf6 4. Nc3 cxd4 5. Nxd4 a6 6. Bg5 e6 7. f4 Qc7 8.
Bxf6 gxf6 9. Qd2 Nc6 10. O-O-O Bd7 11. Kb1 h5 12. Be2 O-O-O 13. Rhf1 Kb8
14. f5 Be7 15. Nxc6+ Qxc6 16. Qe3 b5 17. Rd4 Qb6 18. Qd2 Bc6 19. a4 d5 20.
fxe6 fxe6 21. exd5 b4 22. a5 bxc3 23. Qxc3 Qa7 24. Qxc6 Qxd4 25. Rf3 Rxd5
26. Rb3+ Bb4 27. Qa4 Ka7 28. Rxb4 Qe5 29. Qc6 1-0

[Event "IX EICC"]
[Site "Plovdiv BUL"]
[Date "2008.04.27"]
[Round "7"]
[White "Zelcic,R"]
[Black "Grigorov,G"]
[Result "1-0"]
[WhiteElo "2591"]
[BlackElo "2456"]
[EventDate "2008.04.21"]

1. e4 c5 2. Nf3 d6 3. d4 Nf6 4. Nc3 cxd4 5. Nxd4 a6 6. Be2 e6 7. O-O Nc6 8.
Be3 Be7 9. f4 O-O 10. a4 Qc7 11. Kh1 Re8 12. a5 d5 13. e5 Nd7 14. Bg4 Nf8
15. Qe1 Bb4 16. Nxc6 bxc6 17. Nb5 axb5 18. Qxb4 Nd7 19. Qe1 c5 20. b4 cxb4
21. Qxb4 Ba6 22. c3 Rac8 23. Bd4 Nc5 24. Be2 Ne4 25. Bxb5 Bxb5 26. Qxb5
Nxc3 27. Qb6 Qd7 28. a6 Nb5 29. Bg1 d4 30. Rfe1 Nc3 31. Rac1 d3 32. Qd6 Qb5
33. a7 Na4 34. Rxc8 Rxc8 35. Rc1 Ra8 36. Rc7 Qa5 37. Qc6 Rd8 38. Rd7 d2 39.
Qxa4 1-0

[Event "IX EICC"]
[Site "Plovdiv BUL"]
[Date "2008.04.27"]
[Round "7"]
[White "Bartel,Mat"]
[Black "Ter Sahakyan,S"]
[Result "0-1"]
[WhiteElo "2588"]
[BlackElo "2449"]
[EventDate "2008.04.21"]

1. c4 e5 2. Nc3 Nc6 3. Nf3 g6 4. d4 exd4 5. Nxd4 Bg7 6. Nxc6 bxc6 7. g3 Ne7
8. Bg2 O-O 9. O-O d6 10. Bg5 Bd7 11. Qd2 Qe8 12. Rad1 Nf5 13. Bf4 Be6 14.
b3 Rc8 15. Rfe1 Nd4 16. e3 Nf5 17. e4 Nd4 18. Ne2 Nxe2+ 19. Qxe2 Qd7 20. c5
d5 21. Qa6 Bg4 22. Rd3 Rfe8 23. Qxa7 g5 24. Bxg5 Ra8 25. Qb7 Reb8 26. Qxb8+
Rxb8 27. Be3 d4 28. f3 Be6 29. Bf2 Qc8 30. Rd2 Qa6 31. Bf1 Qa5 32. Rc2 Bc8
33. e5 Bf5 0-1

[Event "IX EICC"]
[Site "Plovdiv BUL"]
[Date "2008.04.27"]
[Round "7"]
[White "Georgiev,Vl"]
[Black "Dimitrov,Pa"]
[Result "1/2-1/2"]
[WhiteElo "2572"]
[BlackElo "2414"]
[EventDate "2008.04.21"]

1. d4 d5 2. c4 c6 3. e3 Nf6 4. Nc3 g6 5. Nf3 Bg7 6. Be2 O-O 7. O-O Bf5 8.
Qb3 Qb6 9. Qa3 Re8 10. Bd2 Nbd7 11. cxd5 cxd5 12. Rac1 Bf8 13. Nb5 Rec8 14.
Bb4 Rxc1 15. Rxc1 a6 16. Ne5 Nxe5 17. dxe5 Nd7 18. Nc3 Rc8 19. Rd1 Be6 20.
Nxd5 Bxd5 21. Rxd5 Rc1+ 22. Rd1 Rxd1+ 23. Bxd1 Nxe5 24. Be2 Qc6 25. f4 Qc2
26. Qc3 Qxe2 27. Qxe5 Qd1+ 28. Kf2 Qc2+ 29. Kg3 Qf5 30. Qxf5 gxf5 31. Kh4
Kg7 32. h3 Kf6 33. g4 Kg6 34. b3 h6 35. Bc5 Kf6 36. Kh5 Ke6 37. Bb4 fxg4
38. hxg4 f5 39. g5 hxg5 40. fxg5 Kf7 41. Bc3 e6 42. g6+ Kg8 43. Kg5 Be7+
44. Kf4 Bd6+ 45. Kg5 Be7+ 46. Bf6 Bd6 47. Bd8 Bc5 48. Kf6 Bxe3 49. Kxe6 f4
50. Bg5 Bd2 51. Bh4 Be3 52. Bg5 Bd2 53. Bh4 Be3 1/2-1/2

[Event "IX EICC"]
[Site "Plovdiv BUL"]
[Date "2008.04.27"]
[Round "7"]
[White "Nikolov,M"]
[Black "Buhmann,R"]
[Result "0-1"]
[WhiteElo "2488"]
[BlackElo "2569"]
[EventDate "2008.04.21"]

1. d4 d5 2. Nf3 Nf6 3. c4 c6 4. Nc3 e6 5. cxd5 exd5 6. Bg5 h6 7. Bh4 Bf5 8.
Bxf6 Qxf6 9. Qb3 Nd7 10. g3 Be7 11. Bg2 O-O 12. O-O Qd6 13. Ne5 Nxe5 14.
dxe5 Qxe5 15. Qxb7 Rfc8 16. e4 dxe4 17. Nxe4 Rab8 18. Qxa7 Rxb2 19. Rae1
Qc7 20. Qa6 Be6 21. a4 Rb6 22. Qd3 Rb4 23. Rc1 Qa7 24. Nc3 Bg5 25. Rb1 Rd4
26. Qc2 Qc5 27. Qb2 Bf6 28. Ne2 Rxa4 29. Rfc1 Rc4 30. Qb7 g5 31. Bf1 Rd8
32. Rxc4 Bxc4 33. Rc1 Rd2 34. Qc8+ Kg7 35. Qg4 Bxe2 0-1

[Event "IX EICC"]
[Site "Plovdiv BUL"]
[Date "2008.04.27"]
[Round "7"]
[White "Shomoev,A"]
[Black "Pileckis,E"]
[Result "1/2-1/2"]
[WhiteElo "2559"]
[BlackElo "2403"]
[EventDate "2008.04.21"]

1. e4 c5 2. Nf3 Nc6 3. d4 cxd4 4. Nxd4 Nf6 5. Nc3 e5 6. Ndb5 d6 7. Bg5 a6
8. Na3 b5 9. Bxf6 gxf6 10. Nd5 f5 11. Bd3 Be6 12. O-O Bxd5 13. exd5 Ne7 14.
c4 Bg7 15. Rb1 bxc4 16. Nxc4 O-O 17. Re1 f4 18. b4 f5 19. Bf1 e4 20. f3 e3
21. a4 Nc8 22. Na5 Kh8 23. Nc6 Qh4 24. b5 axb5 25. Bxb5 Rf6 26. Re2 Rh6 27.
h3 Qg3 28. Kh1 Nb6 29. Ne7 Bf6 30. Nxf5 Rxh3+ 31. gxh3 Qxf3+ 32. Rg2 Qxh3+
33. Rh2 Qxf5 34. Qd3 Qxd5+ 35. Qxd5 Nxd5 36. Bd3 f3 37. Be4 f2 38. Bxd5 Re8
39. Kg2 e2 40. Kxf2 Bd4+ 1/2-1/2

[Event "IX EICC"]
[Site "Plovdiv BUL"]
[Date "2008.04.27"]
[Round "7"]
[White "Lintchevski,D"]
[Black "Nijboer,F"]
[Result "0-1"]
[WhiteElo "2450"]
[BlackElo "2558"]
[EventDate "2008.04.21"]

1. e4 e5 2. Nf3 Nc6 3. d4 exd4 4. Nxd4 Nf6 5. Nxc6 bxc6 6. e5 Qe7 7. Qe2
Nd5 8. c4 Nb6 9. Nd2 a5 10. g3 Qe6 11. Bg2 Bb4 12. O-O Bxd2 13. Qxd2 Nxc4
14. Qc3 Ba6 15. f4 f5 16. b3 Nb6 17. Rd1 h5 18. Be3 Nd5 19. Bxd5 cxd5 20.
Qxc7 h4 21. Qd6 hxg3 22. hxg3 Be2 23. Rd2 Bf3 24. Rf2 Be4 25. Bb6 Ra6 26.
Qb8+ Kf7 27. Qxh8 Qxb6 0-1

[Event "IX EICC"]
[Site "Plovdiv BUL"]
[Date "2008.04.27"]
[Round "7"]
[White "Sarakauskas,G"]
[Black "Ovetchkin,R"]
[Result "0-1"]
[WhiteElo "2449"]
[BlackElo "2556"]
[EventDate "2008.04.21"]

1. e4 c6 2. d4 d5 3. exd5 cxd5 4. Bd3 Nc6 5. c3 Qc7 6. Bg5 Nf6 7. Nd2 Bg4
8. Qb1 e5 9. h3 Bd7 10. dxe5 Qxe5+ 11. Be3 Bc5 12. Ngf3 Qe7 13. Kd1 Bxe3
14. Re1 O-O 15. Rxe3 Qd6 16. Ke1 d4 17. cxd4 Nd5 18. Bxh7+ Kh8 19. Bf5 Nxe3
20. fxe3 Ne7 21. Bxd7 Qxd7 22. Ne5 Qe6 23. Qe4 Kg8 24. Qxb7 Nf5 25. Ndc4 f6
26. Qd7 Rfe8 27. Qxe6+ Rxe6 28. g4 Nxe3 29. Nxe3 fxe5 30. d5 Rh6 31. Ke2
Rxh3 32. Rc1 Rb8 33. Rc2 Rxb2 34. Rxb2 Rh2+ 35. Kd3 Rxb2 36. Nf5 Kf7 37.
Ke4 Re2+ 0-1

[Event "IX EICC"]
[Site "Plovdiv BUL"]
[Date "2008.04.27"]
[Round "7"]
[White "Collas,D"]
[Black "Djukic,Ni"]
[Result "1/2-1/2"]
[WhiteElo "2446"]
[BlackElo "2543"]
[EventDate "2008.04.21"]

1. Nf3 Nf6 2. d4 g6 3. Nbd2 d5 4. e3 Bg7 5. b4 a5 6. b5 c5 7. bxc6 bxc6 8.
Ba3 Nbd7 9. c4 O-O 10. Be2 c5 11. dxc5 Ne4 12. Nxe4 dxe4 13. Nd4 Qc7 14. c6
Ne5 15. O-O Nxc6 16. Nxc6 Qxc6 17. Rb1 Be6 18. Bxe7 Rfc8 19. Rc1 Rab8 20.
Ba3 Bb2 21. Bxb2 Rxb2 22. Rc2 Rxc2 23. Qxc2 Bxc4 24. Rc1 Bd5 25. Qxc6 Rxc6
26. Rxc6 Bxc6 27. Kf1 Bd5 28. a3 Kf8 29. Ke1 Ke7 30. Kd2 Kd6 31. Kc3 Kc5
32. h4 h6 33. g3 f6 34. Bd1 g5 35. Bc2 Bc6 1/2-1/2

[Event "IX EICC"]
[Site "Plovdiv BUL"]
[Date "2008.04.27"]
[Round "7"]
[White "Blagojevic,Dr"]
[Black "Georgescu,T"]
[Result "0-1"]
[WhiteElo "2532"]
[BlackElo "2384"]
[EventDate "2008.04.21"]

1. d4 Nf6 2. c4 c5 3. d5 b5 4. Nf3 Bb7 5. a4 Qa5+ 6. Bd2 b4 7. Qc2 g6 8. e4
d6 9. Bd3 Bg7 10. O-O O-O 11. h3 Nbd7 12. Be3 e5 13. g4 h5 14. Nh2 hxg4 15.
hxg4 Nh7 16. Nd2 Rae8 17. Ndf3 Bc8 18. Kh1 Qd8 19. g5 f6 20. Rg1 fxg5 21.
Nxg5 Ndf6 22. Be2 Nxg5 23. Rxg5 Kf7 24. f4 Bh6 25. fxe5 Rxe5 26. Rxe5 Bxe3
27. Re6 Bxe6 28. dxe6+ Kg7 29. Rf1 Qe7 30. Qd3 Bd4 31. b3 Qxe6 32. Kg2 Rh8
33. Qf3 Qe5 34. Ng4 Nxg4 35. Qf7+ Kh6 36. Bxg4 Kg5 37. Bh3 Qxe4+ 38. Qf3
Re8 39. Qxe4 Rxe4 40. Rf3 Re2+ 41. Kf1 Rb2 42. Bd7 Bc3 43. Rd3 Rxb3 44.
Rxd6 Rb1+ 45. Kg2 Rb2+ 46. Kf3 Rd2 0-1

[Event "IX EICC"]
[Site "Plovdiv BUL"]
[Date "2008.04.27"]
[Round "7"]
[White "Kulaots,K"]
[Black "Nestorovic,N"]
[Result "1/2-1/2"]
[WhiteElo "2530"]
[BlackElo "2381"]
[EventDate "2008.04.21"]

1. e4 c5 2. Nf3 a6 3. c3 e6 4. d4 d5 5. e5 Bd7 6. Bd3 Bb5 7. Bxb5+ axb5 8.
dxc5 Bxc5 9. b4 Bb6 10. Na3 Ne7 11. Nxb5 O-O 12. O-O Nbc6 13. Re1 d4 14.
Nbxd4 Bxd4 15. Nxd4 Nxd4 16. cxd4 Nc6 17. Be3 Qd5 18. Qb1 Ra4 19. a3 Rfa8
20. Qb2 h6 21. h3 Ne7 22. Rec1 Qe4 23. Qb3 Nf5 24. Kh1 Nh4 25. Rg1 Nf5 26.
Rgf1 b5 27. Qc3 R4a6 28. Rfc1 Ne7 29. Qc5 Qb7 30. Qc7 Qxc7 31. Rxc7 Nd5 32.
Rb7 Rxa3 33. Rxa3 Rxa3 34. Rxb5 Nxe3 35. fxe3 Rxe3 36. d5 exd5 37. Rxd5 Rb3
38. b5 Kf8 39. Kg1 Rb2 40. Kh2 Rb3 41. Rc5 1/2-1/2

[Event "IX EICC"]
[Site "Plovdiv BUL"]
[Date "2008.04.27"]
[Round "7"]
[White "Baumegger,S"]
[Black "Mastrovasilis,A"]
[Result "1/2-1/2"]
[WhiteElo "2440"]
[BlackElo "2524"]
[EventDate "2008.04.21"]

1. c4 e6 2. g3 d5 3. Bg2 dxc4 4. Qa4+ c6 5. Qxc4 b5 6. Qb3 Bb7 7. Nf3 Nd7
8. d4 a6 9. Ne5 Ngf6 10. O-O Qb6 11. Nc3 Qxd4 12. Nxd7 Qxd7 13. Rd1 Qc8 14.
Bg5 Be7 15. Rac1 c5 16. Bxf6 gxf6 17. Ne4 O-O 18. Qe3 Bxe4 19. Bxe4 Ra7 20.
g4 Kg7 21. h4 h6 22. Bc2 Rc7 23. a4 c4 24. axb5 axb5 25. Ra1 b4 26. Ra5 b3
27. Bb1 Rh8 28. g5 hxg5 29. hxg5 fxg5 30. Rxg5+ Kf8 31. Rg4 f5 32. Qe5 Rg8
33. Rxg8+ Kxg8 34. e4 Rc5 35. Qg3+ Kf7 36. exf5 exf5 37. Re1 Qh8 38. Qf3
Qg7+ 39. Kf1 Qg4 40. Qe3 Qh4 41. Bxf5 Qh1+ 42. Ke2 Qh5+ 43. Kf1 Qh1+ 44.
Ke2 Qh5+ 45. Kf1 Rxf5 46. Qxe7+ Kg8 47. Qe8+ Qxe8 48. Rxe8+ Rf8 49. Re3 Rc8
50. Ke2 c3 51. bxc3 b2 52. Rg3+ Kf7 53. Rg1 Rxc3 54. Rb1 Rc2+ 55. Kd3 Rxf2
56. Kc3 Ke6 57. Rxb2 Rxb2 58. Kxb2 1/2-1/2

[Event "IX EICC"]
[Site "Plovdiv BUL"]
[Date "2008.04.27"]
[Round "7"]
[White "Kapnisis,S"]
[Black "Naumann,A"]
[Result "1/2-1/2"]
[WhiteElo "2412"]
[BlackElo "2523"]
[EventDate "2008.04.21"]

1. e4 e5 2. Nf3 Nc6 3. Bb5 a6 4. Bxc6 dxc6 5. Nc3 f6 6. d4 exd4 7. Nxd4 c5
8. Nde2 Qxd1+ 9. Nxd1 Be6 10. Bf4 O-O-O 11. Ne3 Ne7 12. Bg3 g6 13. e5 fxe5
14. Bxe5 Rg8 15. Bf6 Rd7 16. Nf4 Bf7 17. O-O g5 18. Nd3 Nd5 19. Nxd5 Rxd5
20. Ne5 Be8 21. Rfe1 Bh5 22. g4 Be8 23. Rad1 Rxd1 24. Rxd1 Bd6 25. Nc4
1/2-1/2

[Event "IX EICC"]
[Site "Plovdiv BUL"]
[Date "2008.04.27"]
[Round "7"]
[White "Wells,P"]
[Black "Mladenov,P"]
[Result "1-0"]
[WhiteElo "2521"]
[BlackElo "2371"]
[EventDate "2008.04.21"]

1. d4 Nf6 2. c4 e6 3. Nc3 d5 4. cxd5 exd5 5. Bg5 Be7 6. e3 O-O 7. Bd3 h6 8.
Bh4 b6 9. Nf3 Bb7 10. O-O Nbd7 11. Rc1 a6 12. Bb1 Rc8 13. Ne5 Nxe5 14. dxe5
Ne4 15. Nxd5 Qxd5 16. Qxd5 Bxd5 17. Bxe7 Rfe8 18. Bh4 g5 19. Rfd1 Bb7 20.
Bxe4 Bxe4 21. Bg3 Red8 22. Rxd8+ Rxd8 23. e6 fxe6 24. f3 Bg6 25. Bxc7 Rc8
26. e4 g4 27. Kf2 gxf3 28. gxf3 Kf7 29. Ke3 b5 30. b4 Ke8 31. Rc3 Kd7 32.
Be5 Rxc3+ 33. Bxc3 Ke7 34. Bg7 h5 35. Kf4 Be8 36. Be5 h4 37. Kg4 h3 38.
Kxh3 Bh5 39. Kg3 Kf7 40. Kf4 Kg6 41. h4 Kf7 42. Ke3 Kg6 43. Bc7 Kf7 44. f4
Bg4 45. Kd4 Kg6 46. Ke5 Bh3 47. Bd8 Bg4 48. a3 Bh3 49. f5+ exf5 50. exf5+
Kg7 51. Bg5 Bg4 52. f6+ Kf7 53. Kd6 Kf8 54. Kc7 Kf7 55. Kb7 Bd7 56. Kxa6
Be8 57. h5 Kg8 58. h6 Kh7 59. Kb6 Kg8 60. Kc7 Bg6 61. Kb6 Be8 1-0

[Event "IX EICC"]
[Site "Plovdiv BUL"]
[Date "2008.04.27"]
[Round "7"]
[White "Pesotsky,V"]
[Black "Rusev,K"]
[Result "0-1"]
[WhiteElo "2371"]
[BlackElo "2516"]
[EventDate "2008.04.21"]

1. e4 e6 2. d4 d5 3. Nd2 Nf6 4. e5 Nfd7 5. f4 c5 6. c3 Nc6 7. Ndf3 Qb6 8.
Ne2 Be7 9. g3 O-O 10. Bh3 cxd4 11. cxd4 f6 12. exf6 Nxf6 13. Bg2 Bd7 14.
O-O Be8 15. Kh1 Bg6 16. a3 Rac8 17. b3 Ne4 18. Be3 Bh5 19. Bg1 Na5 20. Nc1
Rc3 21. b4 Nc4 22. Nb3 Nb2 23. Qe2 Rxb3 24. Qc2 Rxf3 25. Rxf3 Nc4 26. Rff1
Bg6 27. Qd1 Bf6 28. g4 Ncd2 29. Re1 Be7 30. Re2 Nc4 31. Qc1 Qc7 32. Be3 Bd6
33. f5 exf5 34. gxf5 Bxf5 35. Bg1 Bf4 36. Qe1 Ncd6 37. Qh4 Bg5 38. Qh5 Bg6
39. Qg4 Qc8 40. Qxc8 Rxc8 41. a4 Bh5 42. Rb2 Nc4 43. Rc2 Bg6 44. Re2 Bf5
45. Rf1 g6 46. Ra1 h5 47. Bf3 Kg7 48. b5 b6 49. Rg2 Kh6 50. Re2 h4 51. Bf2
Ncd2 52. Bxe4 Bxe4+ 53. Kg1 Nf3+ 54. Kg2 Bf4 55. Ra3 Ng5+ 56. Kf1 Kh5 57.
Be3 Bxe3 58. Rexe3 Ne6 59. a5 Nxd4 60. axb6 axb6 61. Ra6 Nxb5 62. Rxb6 Nd4
63. Rb2 Nf5 64. Re1 Rc3 65. Rd2 g5 66. Kg1 g4 67. Rf2 Kg5 68. Rd2 g3 69.
hxg3 hxg3 70. Kf1 Rc8 71. Ke2 Rh8 72. Rg1 Kf4 73. Ke1 Ke5 74. Ra2 Rh2 75.
Ra6 Rb2 76. Ra1 Bf3 0-1

[Event "IX EICC"]
[Site "Plovdiv BUL"]
[Date "2008.04.27"]
[Round "7"]
[White "Macak,S"]
[Black "Radulski,J"]
[Result "1-0"]
[WhiteElo "2342"]
[BlackElo "2514"]
[EventDate "2008.04.21"]

1. e4 e5 2. Nf3 Nc6 3. Bb5 a6 4. Ba4 Nf6 5. O-O Be7 6. Re1 b5 7. Bb3 d6 8.
c3 O-O 9. h3 Na5 10. Bc2 c5 11. d4 Qc7 12. Nbd2 Be6 13. Nf1 Nc4 14. d5 Bd7
15. b3 Nb6 16. Bd2 Rfe8 17. Ne3 g6 18. c4 Nh5 19. a4 Reb8 20. a5 Nc8 21.
Nf1 Nf6 22. N3h2 Bf8 23. Ng3 Bg7 24. Ra2 Qd8 25. Bd3 bxc4 26. bxc4 Ra7 27.
f4 exf4 28. Bxf4 Rb4 29. Bd2 Rab7 30. Bxb4 cxb4 31. c5 dxc5 32. Bxa6 Ra7
33. Bc4 Nd6 34. Qd3 Qc7 35. e5 Nxc4 36. exf6 Bxf6 37. Qxc4 Qxg3 38. Nf3 Qc7
39. Rc1 Rxa5 40. d6 Qb6 41. Rxa5 Qxa5 42. Qxc5 Qa3 43. Rb1 Bc3 44. Ne5 Qa2
45. Rf1 Qd2 46. Qc7 Bxe5 47. Qxd7 Qxd6 48. Qxf7+ Kh8 49. Re1 Qd8 50. Rxe5
Qd4+ 51. Qf2 1-0

[Event "IX EICC"]
[Site "Plovdiv BUL"]
[Date "2008.04.27"]
[Round "7"]
[White "Kuzubov,Y"]
[Black "Van Beek,Al"]
[Result "1-0"]
[WhiteElo "2603"]
[BlackElo "2343"]
[EventDate "2008.04.21"]

1. d4 d5 2. c4 c6 3. Nf3 Nf6 4. e3 Bg4 5. Nc3 e6 6. h3 Bxf3 7. Qxf3 Nbd7 8.
Bd2 Bb4 9. Bd3 O-O 10. a3 Ba5 11. b4 Bc7 12. cxd5 cxd5 13. O-O Nb6 14. e4
dxe4 15. Nxe4 Nxe4 16. Qxe4 g6 17. Bh6 Qd6 18. Rfc1 Rfb8 19. g3 Nd5 20. Rc4
Qd7 21. Qf3 Bd6 22. Be4 Bf8 23. Bxf8 Rxf8 24. Rac1 Rad8 25. Bxd5 Qxd5 26.
Qxd5 Rxd5 27. Rc7 a5 28. Rxb7 axb4 29. axb4 Rxd4 30. b5 h5 31. b6 Rb4 32.
Rc6 e5 33. Kg2 Rb3 34. Rc5 Re8 35. Rcc7 Re6 36. Rxf7 Rbxb6 37. Rg7+ Kf8 38.
Rbf7+ Ke8 39. Rh7 Kd8 40. Ra7 Rb8 41. Kf3 Rf6+ 42. Ke4 Ke8 43. Rh8+ Rf8 44.
Rxf8+ Kxf8 45. Kxe5 Rb2 46. f4 Rb3 47. Kf6 Rb6+ 48. Kg5 Kg8 49. g4 hxg4 50.
hxg4 Rc6 51. Kh6 Rf6 52. Ra4 Kf7 53. g5 Rb6 54. Kh7 Rc6 55. Ra7+ Kf8 56.
Ra5 Kf7 57. f5 gxf5 58. Rxf5+ 1-0

[Event "IX EICC"]
[Site "Plovdiv BUL"]
[Date "2008.04.27"]
[Round "7"]
[White "Kozhuharov,S"]
[Black "Miroshnichenko,E"]
[Result "1/2-1/2"]
[WhiteElo "2433"]
[BlackElo "2642"]
[EventDate "2008.04.21"]

1. e4 c5 2. Nf3 d6 3. d4 cxd4 4. Nxd4 Nf6 5. Nc3 a6 6. Be3 e6 7. f3 b5 8.
Qd2 Nbd7 9. O-O-O Bb7 10. g4 h6 11. h4 b4 12. Na4 Qa5 13. b3 Rc8 14. Rg1
Nc5 15. g5 Nxa4 16. bxa4 hxg5 17. hxg5 Nd7 18. g6 Be7 19. gxf7+ Kxf7 20.
Qg2 Bf6 21. Qg6+ Ke7 22. Bg5 Rcg8 23. Nxe6 Ne5 24. Qf5 Bxg5+ 25. Qxg5+ Kxe6
26. f4 Rh5 27. f5+ Kd7 28. Qxh5 Qc5 29. Rg3 Bxe4 30. Rd2 Kc6 31. Qh7 Rf8
32. Rxg7 Rxf5 33. Rc7+ Kb6 34. Qxf5 Nd3+ 35. Bxd3 Qxf5 36. Rc4 Qe5 37.
Rxb4+ Ka5 38. Rb2 Bf3 39. c4 Qe1+ 40. Kc2 Bc6 41. Be2 Bxa4+ 42. Kc3 Qg3+
43. Rd3 Qe5+ 44. Rd4 Qe3+ 45. Bd3 Qc1+ 46. Bc2 Qe1+ 47. Rd2 Qe5+ 48. Rd4
Bc6 49. Bd1 Qe3+ 50. Rd3 Qc1+ 51. Bc2 Qe1+ 52. Rd2 Qe3+ 53. Rd3 Qc5 54. Rd4
d5 55. Rb3 Bb5 56. Bd3 dxc4 1/2-1/2

[Event "IX EICC"]
[Site "Plovdiv BUL"]
[Date "2008.04.27"]
[Round "7"]
[White "Pedersen,NicV"]
[Black "Gajewski,G"]
[Result "1-0"]
[WhiteElo "2421"]
[BlackElo "2601"]
[EventDate "2008.04.21"]

1. e4 e5 2. Nf3 Nc6 3. Bb5 a6 4. Ba4 Nf6 5. O-O Be7 6. d3 b5 7. Bb3 d6 8.
c3 O-O 9. Re1 Na5 10. Bc2 c5 11. Nbd2 Nc6 12. Nf1 Re8 13. Ng3 Bf8 14. h3 g6
15. d4 cxd4 16. cxd4 exd4 17. Nxd4 Nxd4 18. Qxd4 Bg7 19. Qd3 Bb7 20. Bg5 h6
21. Bf4 h5 22. Bg5 Qe7 23. Bb3 Qe5 24. f4 Qc5+ 25. Kh1 Nh7 26. Bh4 Rac8 27.
Re2 a5 28. e5 Nf8 29. exd6 Rxe2 30. Qxe2 a4 31. Bxf7+ Kh8 32. Rd1 Bc6 33.
f5 Qb4 34. Bg5 h4 35. Bxg6 Nh7 36. Qh5 Bxg2+ 37. Kxg2 1-0

[Event "IX EICC"]
[Site "Plovdiv BUL"]
[Date "2008.04.27"]
[Round "7"]
[White "Carlsson,P"]
[Black "Smirnov,Arte"]
[Result "1-0"]
[WhiteElo "2514"]
[BlackElo "2438"]
[EventDate "2008.04.21"]

1. e4 c5 2. Nf3 Nf6 3. e5 Nd5 4. Nc3 e6 5. g3 Nxc3 6. dxc3 b6 7. Bg2 Bb7 8.
Bf4 Qc7 9. Qe2 Nc6 10. O-O-O h6 11. h4 O-O-O 12. Qd3 Ne7 13. g4 Nd5 14. Bg3
c4 15. Qe2 b5 16. Nd4 a6 17. Nf5 Nxc3 18. Bxb7+ Qxb7 19. bxc3 Ba3+ 20. Kb1
exf5 21. gxf5 Rhe8 1-0

[Event "IX EICC"]
[Site "Plovdiv BUL"]
[Date "2008.04.27"]
[Round "7"]
[White "Lubczynski,R"]
[Black "Heberla,B"]
[Result "1/2-1/2"]
[WhiteElo "2418"]
[BlackElo "2509"]
[EventDate "2008.04.21"]

1. Nf3 c5 2. c4 g6 3. g3 Bg7 4. Nc3 Nc6 5. Bg2 d6 6. O-O Nh6 7. d3 Nf5 8.
Bd2 O-O 9. a3 a6 10. Rb1 Rb8 11. b4 cxb4 12. axb4 b5 1/2-1/2

[Event "IX EICC"]
[Site "Plovdiv BUL"]
[Date "2008.04.27"]
[Round "7"]
[White "Loeffler,S"]
[Black "Szabo,Krisz1"]
[Result "0-1"]
[WhiteElo "2409"]
[BlackElo "2507"]
[EventDate "2008.04.21"]

1. c4 Nf6 2. Nc3 e5 3. e3 Bb4 4. Nge2 O-O 5. a3 Bxc3 6. Nxc3 d5 7. cxd5
Nxd5 8. Be2 c5 9. Qc2 Ne7 10. b4 cxb4 11. axb4 Bf5 12. Ne4 Na6 13. Bxa6
bxa6 14. d3 Nd5 15. Bd2 Rc8 16. Nc5 Qb6 17. Qc4 Qd6 18. O-O Nb6 19. Qxa6
Qg6 20. Qxa7 Bh3 21. Qb7 Rc6 22. g3 Bxf1 23. Rxf1 f5 24. Bc3 f4 25. exf4
exf4 26. Re1 Nd5 27. Ne6 fxg3 28. hxg3 Qf7 29. Qxc6 Qxf2+ 30. Kh1 Qf3+ 31.
Kh2 Qf2+ 32. Kh3 Qf5+ 33. Kh4 Ne7 34. g4 Qf2+ 35. Kh3 0-1

[Event "IX EICC"]
[Site "Plovdiv BUL"]
[Date "2008.04.27"]
[Round "7"]
[White "Mateuta,G"]
[Black "Perunovic,Mio"]
[Result "1-0"]
[WhiteElo "2504"]
[BlackElo "2420"]
[EventDate "2008.04.21"]

1. d4 Nf6 2. Nf3 e6 3. c4 b6 4. g3 Ba6 5. b3 Bb4+ 6. Bd2 Be7 7. Nc3 O-O 8.
Bg2 c6 9. d5 cxd5 10. cxd5 Bb7 11. Nh4 Nxd5 12. Nxd5 Bxd5 13. Bxd5 exd5 14.
Nf5 Bf6 15. Rc1 Qe8 16. O-O Qe6 17. Bb4 Qxf5 18. Bxf8 Kxf8 19. e4 dxe4 20.
Qd6+ Ke8 21. Rc8+ Bd8 22. Qc7 Qf6 23. Qb7 Nc6 24. Qxa8 h5 25. Re1 Qe6 26.
Rxd8+ 1-0

[Event "IX EICC"]
[Site "Plovdiv BUL"]
[Date "2008.04.27"]
[Round "7"]
[White "Georgiadis,I"]
[Black "Colovic,A"]
[Result "1/2-1/2"]
[WhiteElo "2394"]
[BlackElo "2493"]
[EventDate "2008.04.21"]

1. e4 c5 2. Nf3 d6 3. d4 cxd4 4. Nxd4 Nf6 5. Nc3 a6 6. Be2 e5 7. Nb3 Be7 8.
O-O O-O 9. Be3 Be6 10. Nd5 Nxd5 11. exd5 Bf5 12. Qd2 Nd7 13. Na5 Qc7 14. c4
Bg6 15. b4 f5 16. f4 Nf6 17. Bf3 Rad8 18. Rac1 exf4 19. Bxf4 Ne4 20. Bxe4
fxe4 21. c5 Qd7 22. c6 bxc6 23. Nxc6 Rde8 24. Be3 Rxf1+ 25. Rxf1 Bf6 26. a4
Ra8 27. Rb1 Qb7 28. b5 axb5 29. Rxb5 Qd7 30. Qb4 Qg4 31. Rb8+ Rxb8 32.
Qxb8+ Kf7 33. Qc7+ Kg8 34. Qb8+ Kf7 35. Qc7+ 1/2-1/2

[Event "IX EICC"]
[Site "Plovdiv BUL"]
[Date "2008.04.27"]
[Round "7"]
[White "Lomsadze,D"]
[Black "Sulashvili,M"]
[Result "0-1"]
[WhiteElo "2394"]
[BlackElo "2491"]
[EventDate "2008.04.21"]

1. e4 c5 2. Nf3 Nc6 3. g3 g6 4. Bg2 Bg7 5. O-O Nf6 6. d3 O-O 7. Nbd2 d5 8.
Re1 dxe4 9. dxe4 Qc7 10. c3 Rd8 11. Qc2 e5 12. Nf1 h6 13. Be3 b6 14. Rad1
Be6 15. Bc1 b5 16. Ne3 Rxd1 17. Rxd1 Rd8 18. Rxd8+ Qxd8 19. a4 a6 20. axb5
axb5 21. b3 Ne8 22. Bf1 Nd6 23. Ba3 b4 24. cxb4 cxb4 25. Bb2 Nd4 26. Nxd4
exd4 27. Nd5 Nxe4 28. Nxb4 Qb6 29. Nd3 Bxb3 30. Qc8+ Kh7 31. Bc1 Be6 32.
Qc2 Bf5 33. h4 Nc3 34. f3 Nd5 35. g4 Bxd3 36. Bxd3 Nb4 37. Qc4 Nxd3 38.
Qxd3 Qc7 0-1

[Event "IX EICC"]
[Site "Plovdiv BUL"]
[Date "2008.04.27"]
[Round "7"]
[White "Filev,G"]
[Black "Rasmussen,Kar"]
[Result "1-0"]
[WhiteElo "2392"]
[BlackElo "2486"]
[EventDate "2008.04.21"]

1. e4 c6 2. d4 d5 3. e5 Bf5 4. Nc3 e6 5. g4 Bg6 6. Nge2 f6 7. Nf4 fxe5 8.
dxe5 Bf7 9. Qe2 Nd7 10. Bd2 Qc7 11. Nd3 h5 12. g5 d4 13. Ne4 Nxe5 14. Nf4
O-O-O 15. Bh3 Kb8 16. O-O-O Ne7 17. Nc5 d3 18. cxd3 N7g6 19. Nfxe6 Bxe6 20.
Nxe6 Nxd3+ 21. Kb1 Qb6 22. Be3 Qb5 23. Nxd8 Ba3 24. Rxd3 Bxb2 25. Nxc6+
Qxc6 26. Rhd1 1-0